[Event "NATO, Oslo"]
[Site "Oslo"]
[Date "1990.??.??"]
[Round "?"]
[White "De Cat, Ben"]
[Black "Brameld, Arthur F"]
[Result "1/2-1/2"]
[WhiteElo "2090"]
[BlackElo "2195"]
[PlyCount "74"]
[EventDate "1990.??.??"]
[EventType "simul"]
[EventRounds "7"]
[EventCountry "NOR"]

1. d4 Nf6 2. Nf3 e6 3. Bg5 c5 4. c3 Nc6 5. Nbd2 h6 6. Bxf6 Qxf6 7. e3 d5 8. Bd3 cxd4 9. exd4 Bd6 10. O-O g5 11. Re1 g4 12. Ne5 Bxe5 13. dxe5 Qg5 14. Qe2 h5 15. b4 h4 16. b5 Ne7 17. c4 g3 18. h3 dxc4 19. Nxc4 Nd5 20. Nd6+ Ke7 21. f4 Qxf4 22. Kh1 f5 23. Bc4 Qf2 24. Bxd5 Qxe2 25. Rxe2 exd5 26. Rc1 b6 $1 27. Rc7+ Bd7 28. Nxf5+ Kd8 29. Rxd7+ Kxd7 30. e6+ Kc7 31. Rc2+ Kd8 32. Rc6 Rc8 33. e7+ Kd7 34. Rd6+ Ke8 35. Rc6 Kd7 36. Rd6+ Ke8 37. Rc6 Kd7 1/2-1/2

[Event "Ports Lge"]
[Site "?"]
[Date "1990.??.??"]
[Round "?"]
[White "Brameld, Arthur F"]
[Black "McDougall, William M"]
[Result "1-0"]
[WhiteElo "2185"]
[BlackElo "1975"]
[PlyCount "55"]
[EventDate "1990.??.??"]
[EventType "swiss"]

1. e4 c5 2. Nf3 e6 3. d4 cxd4 4. Nxd4 Nf6 5. Nc3 d6 6. Be3 a6 7. Bc4 b5 8. Bb3 Be7 9. f3 Bd7 10. g4 O-O 11. g5 Ne8 12. Qd2 Nc6 13. Nxc6 Bxc6 14. O-O-O a5 15. a3 Nc7 16. Rhg1 Qb8 17. Nb1 d5 $6 18. Bd4 b4 19. axb4 a4 $6 20. Ba2 Bxb4 21. Qf4 dxe4 22. Be5 Ra7 23. Rg3 Rc8 24. fxe4 Qb5 25. c4 Qa5 26. Rh3 Ne8 27. Bd4 g6 28. Rxh7 {Black lost on time.} 1-0

[Event "Ports Lge"]
[Site "?"]
[Date "1990.??.??"]
[Round "?"]
[White "Puchades, Richard"]
[Black "Brameld, Arthur F"]
[Result "0-1"]
[WhiteElo "2040"]
[BlackElo "2185"]
[PlyCount "56"]
[EventDate "1990.??.??"]
[EventType "swiss"]

1. Nf3 g6 2. c4 Bg7 3. d4 d6 4. g3 Nf6 5. Bg2 O-O 6. Nc3 Nc6 7. O-O a6 8. h3 Rb8 9. Be3 e5 10. dxe5 dxe5 11. Qxd8 Rxd8 12. Rac1 h6 13. b3 Be6 14. Na4 e4 15. Nd2 Nd4 16. Nc3 Nf5 17. Ndxe4 Nxe4 18. Nxe4 Nxe3 19. fxe3 Bf5 20. Rfd1 Re8 21. Nc5 Rxe3 22. g4 Bf8 23. gxf5 Bxc5 24. Rd5 Rc3+ 25. Rxc5 Rxc1+ 26. Kf2 c6 27. fxg6 fxg6 28. Re5 Kf7 0-1

[Event "Ports Lge"]
[Site "?"]
[Date "1991.??.??"]
[Round "?"]
[White "Smith, S."]
[Black "Brameld, Arthur F"]
[Result "0-1"]
[WhiteElo "1800"]
[BlackElo "2185"]
[PlyCount "38"]
[EventDate "1991.??.??"]
[EventType "simul"]
[EventRounds "8"]

1. d4 Nf6 2. c4 c5 3. d5 e6 4. Nc3 exd5 5. cxd5 d6 6. e4 g6 7. f4 Bg7 8. Nf3 O-O 9. Be2 Re8 10. e5 dxe5 11. fxe5 Ng4 12. Bg5 Qb6 13. O-O {13.d6!?} Nxe5 14. Nxe5 {14.d6!?} Bxe5 15. Kh1 Qxb2 16. Ne4 Qxa1 17. Qa4 Bd7 18. Rxa1 Bxa4 19. Rf1 Nd7 0-1

[Event "ColeCup"]
[Site "?"]
[Date "1991.??.??"]
[Round "?"]
[White "Brameld, Arthur F"]
[Black "Corkett, Anthony"]
[Result "0-1"]
[WhiteElo "2185"]
[BlackElo "2300"]
[PlyCount "51"]
[EventDate "1991.??.??"]
[EventType "game"]

1. e4 c5 2. Nf3 Nc6 3. b4 cxb4 4. d4 e6 5. d5 Qf6 6. c3 Ne5 7. Nd4 Bc5 8. f4 bxc3 9. Nb5 Kd8 {9....g5!? Corkett} 10. N5xc3 $2 {10.Qe2! } g5 11. Qh5 gxf4 12. g3 $6 fxg3 13. Bg5 Nf3+ 14. Qxf3 Qxg5 15. hxg3 Qc1+ 16. Nd1 f5 17. exf5 exf5 18. Qxf5 Bb4+ 19. Ke2 Qc4+ 20. Qd3 Qg4+ 21. Kf2 Bc5+ 22. Ne3 $6 Nf6 23. Nc3 Rg8 24. Rh3 d6 25. Kg1 Qf3 26. Ncd1 0-1

[Event "NatClub"]
[Site "?"]
[Date "1991.??.??"]
[Round "?"]
[White "Heaven, P."]
[Black "Brameld, Arthur F"]
[Result "1/2-1/2"]
[WhiteElo "2095"]
[BlackElo "2185"]
[PlyCount "89"]
[EventDate "1991.??.??"]
[EventType "simul"]
[EventRounds "3"]

1. e4 Nf6 2. e5 Ng8 3. d4 d5 4. Nf3 c5 5. c3 Nc6 6. Bd3 Bg4 7. Nbd2 e6 8. h3 Bh5 9. g4 Bg6 10. Bxg6 hxg6 11. Nf1 $6 Qb6 12. Ne3 cxd4 13. cxd4 Qa6 $1 14. Bd2 Qd3 15. Rc1 Nge7 16. Qa4 a6 17. Bc3 b5 $6 18. Qc2 Qxc2 19. Rxc2 Nc8 20. Kf1 Nb6 21. b3 Rc8 22. Kg2 Be7 23. Ne1 Nb4 24. Bxb4 Bxb4 25. Nd3 Rxc2 26. Nxc2 Bc3 27. Nc5 Ke7 $2 28. Nxa6 Ra8 29. Nab4 f6 30. exf6+ $2 gxf6 31. Rd1 Kd6 32. f4 Rc8 33. Rd3 Bb2 34. Kf3 Rh8 35. Kg3 Rc8 36. h4 Bc1 37. h5 gxh5 38. gxh5 Rg8+ 39. Kf3 Rh8 $2 {39....Rg1!} 40. Rd1 Bb2 41. Rh1 Nd7 42. Nd3 Bc3 43. Na3 Rb8 44. Ke3 e5 45. fxe5+ 1/2-1/2

[Event "Ports Lge"]
[Site "?"]
[Date "1991.??.??"]
[Round "?"]
[White "Brameld, Arthur F"]
[Black "Morris, Charles F"]
[Result "0-1"]
[WhiteElo "2185"]
[BlackElo "2180"]
[PlyCount "62"]
[EventDate "1991.??.??"]
[EventType "simul"]
[EventRounds "8"]

1. e4 e6 2. d4 d5 3. Nd2 Nf6 4. e5 Nfd7 5. Bd3 c5 6. c3 Nc6 7. Ne2 cxd4 8. cxd4 f6 9. exf6 Nxf6 10. O-O Bd6 11. Nf3 Qc7 12. Bg5 O-O 13. Bh4 Nh5 $6 14. Bg3 $2 Nxg3 15. fxg3 $6 g6 16. Qd2 Qg7 17. a3 a5 18. b3 $2 Bd7 19. Kh1 Rf6 20. Nc3 Raf8 21. Nb5 Bb8 22. Qe3 h6 23. Nh4 e5 24. Rxf6 Rxf6 25. dxe5 Nxe5 26. Qd4 $2 Nxd3 27. Qxd3 g5 28. Re1 gxh4 29. Qxd5+ Kh8 30. Qxb7 Rf8 31. gxh4 Qe5 $1 0-1

[Event "NatClub"]
[Site "?"]
[Date "1991.??.??"]
[Round "?"]
[White "Brameld, Arthur F"]
[Black "Denman, Brian J"]
[Result "0-1"]
[WhiteElo "2185"]
[BlackElo "2320"]
[PlyCount "64"]
[EventDate "1991.??.??"]
[EventType "simul"]
[EventRounds "3"]

1. e4 c5 2. Nf3 e6 3. d4 cxd4 4. Nxd4 Nf6 5. Nc3 d6 6. Bc4 Be7 7. Be3 O-O 8. Bb3 Na6 9. f3 Nc5 10. Qd2 Bd7 11. g4 a6 12. g5 Ne8 13. h4 Nc7 14. a4 $6 b5 $6 {14....e5!} 15. a5 Rb8 16. Qg2 Qe8 17. Nce2 b4 18. Ng3 Qd8 19. Qd2 $6 Nb5 20. Bc4 $1 Qc7 21. Bxb5 Bxb5 22. Kf2 Bd7 23. b3 $2 Rfd8 24. h5 Be8 25. Rag1 d5 26. e5 Qxe5 27. Bf4 Nd3+ 28. Qxd3 Qxf4 29. g6 Bc5 30. Nge2 Qf6 31. gxf7+ Bxf7 32. Ke1 e5 0-1

[Event "Ports Lge"]
[Site "?"]
[Date "1991.??.??"]
[Round "?"]
[White "Corkett, Anthony"]
[Black "Brameld, Arthur F"]
[Result "1-0"]
[WhiteElo "2320"]
[BlackElo "2185"]
[PlyCount "77"]
[EventDate "1991.??.??"]
[EventType "simul"]
[EventRounds "8"]

1. c4 e6 2. g3 d5 3. Bg2 Nf6 4. Nf3 Be7 5. O-O O-O 6. Nc3 d4 7. Nb1 c5 8. e3 Nc6 9. exd4 cxd4 10. Re1 Qc7 11. a3 a5 12. Qe2 a4 13. d3 Rd8 14. Nbd2 Qb6 15. Rb1 Na5 16. Ne5 Nd7 17. Qh5 Nxe5 18. Rxe5 Bd7 19. Re1 g6 20. Qh6 Nb3 21. Ne4 Nxc1 22. Rexc1 Ra5 23. c5 Qb3 24. Qd2 Ra7 25. g4 Bb5 26. Rd1 Kg7 27. g5 Bc6 28. h4 Bxe4 29. Bxe4 e5 30. Rdc1 Rc8 31. Qe2 {Sealed move.} Qe6 32. Qf3 Rxc5 33. Rxc5 Bxc5 34. Bxb7 Qb6 35. Bd5 Bxa3 $4 36. Qf6+ Qxf6 37. gxf6+ Kxf6 38. bxa3 Rc7 39. Rb7 1-0

[Event "CSCC"]
[Site "?"]
[Date "1991.??.??"]
[Round "?"]
[White "Brown, Harry"]
[Black "Brameld, Arthur F"]
[Result "0-1"]
[WhiteElo "1800"]
[BlackElo "2185"]
[PlyCount "94"]
[EventDate "1991.??.??"]
[EventType "simul"]
[EventRounds "8"]

1. e4 Nf6 2. e5 Nd5 3. d4 d6 4. c4 Nb6 5. Nf3 Bg4 6. Be2 dxe5 7. Nxe5 Bxe2 8. Qxe2 c6 $2 9. Be3 N8d7 10. Nf3 e6 11. O-O Be7 12. Nc3 O-O 13. Ne4 Nf6 14. Ng3 Qc7 15. Ng5 h6 16. Nh3 c5 17. b3 Rfd8 18. Rad1 Rd7 19. Rd3 cxd4 20. Bxd4 Rad8 21. Rfd1 Qc6 22. Bxf6 Bxf6 23. Nh5 Bc3 $1 {23....Bb2?? 24.Qxb2!} 24. Rxd7 Rxd7 25. Rxd7 Qxd7 26. N3f4 Qd4 27. Qd3 Nd7 28. Qxd4 Bxd4 29. Ne2 Bc5 30. Nhg3 f5 31. Kf1 Ne5 32. Nf4 Kf7 33. Ke2 g5 34. Nh3 Kf6 35. f3 b6 36. Nh5+ Kg6 37. Ng3 Kf7 38. Nh5 Kg6 39. Ng3 Kf7 40. Nh5 a5 41. a4 Nc6 42. Kd2 Nd4 43. Kc3 {Sealed move.} e5 44. Ng3 Kg6 45. Nf1 h5 46. Kb2 Ne2 47. Kc2 g4 0-1

[Event "CSCC"]
[Site "?"]
[Date "1991.??.??"]
[Round "?"]
[White "Brameld, Arthur F"]
[Black "Hammond, Andy"]
[Result "0-1"]
[WhiteElo "2185"]
[BlackElo "2175"]
[PlyCount "40"]
[EventDate "1991.??.??"]
[EventType "simul"]
[EventRounds "8"]

1. e4 d6 2. d4 Nf6 3. Nc3 g6 4. f4 Bg7 5. Bd3 Bg4 6. Qd2 e5 7. dxe5 dxe5 8. h3 Bd7 9. f5 Nc6 10. Nf3 Qe7 11. g4 gxf5 12. gxf5 O-O-O 13. Qf2 Bxf5 14. Be3 Bg6 15. Bxa7 $2 { 15.Bc5 Qe8 16.Bxa7!?} Qb4 16. Qc5 Bf8 17. Qxb4 Bxb4 18. Be3 Nxe4 19. O-O-O Nxc3 20. Bxg6 Ne2+ 0-1

[Event "CSCC"]
[Site "?"]
[Date "1991.??.??"]
[Round "?"]
[White "Green, M."]
[Black "Brameld, Arthur F"]
[Result "0-1"]
[WhiteElo "2730"]
[BlackElo "2185"]
[PlyCount "62"]
[EventDate "1991.??.??"]
[EventType "simul"]
[EventRounds "8"]

1. e4 Nf6 2. e5 Nd5 3. d4 d6 4. exd6 cxd6 5. c4 Nb6 6. Nf3 g6 7. Nc3 Bg7 8. Be3 O-O 9. h3 Nc6 10. Qd2 e5 11. d5 Ne7 12. Bh6 Bxh6 13. Qxh6 Nf5 14. Qd2 Re8 15. O-O-O e4 16. Nd4 Qf6 $2 17. Nxf5 Bxf5 18. Qe3 Rac8 19. b3 Qe5 $2 20. Rd4 h5 21. Be2 { 21.g4!} Qg7 22. g4 hxg4 23. hxg4 Bd7 24. Rdd1 Rc5 25. Rh2 f5 26. gxf5 Bxf5 27. Rg1 $2 Nxd5 $1 28. cxd5 $4 Rxc3+ 29. Kd2 Rxe3 30. fxe3 Rc8 31. Bc4 Qb2+ 0-1

[Event "CSCC"]
[Site "?"]
[Date "1991.??.??"]
[Round "?"]
[White "Brameld, Arthur F"]
[Black "Kelly, R."]
[Result "1-0"]
[WhiteElo "2185"]
[BlackElo "1745"]
[PlyCount "87"]
[EventDate "1991.??.??"]
[EventType "simul"]
[EventRounds "8"]

1. e4 e6 2. d4 d5 3. Nd2 Nf6 4. e5 Nfd7 5. c3 c5 6. Bd3 cxd4 7. cxd4 Nc6 8. Ne2 Qb6 9. Nf3 Bb4+ 10. Bd2 O-O 11. O-O f6 12. exf6 Nxf6 13. a3 $6 Bd6 14. b4 e5 15. dxe5 Nxe5 16. Nxe5 Bxe5 17. Bc3 Qd6 18. Bxe5 Qxe5 19. Ng3 Bd7 20. Qd2 Rac8 21. Rfe1 Qc3 22. Qxc3 Rxc3 23. Bf5 Rxg3 24. Bxd7 Rd3 25. Bf5 Rd2 26. Re7 h5 27. f3 Re8 28. Rxb7 Ree2 29. Bh3 g5 30. Rc1 Kf8 31. g3 g4 32. Bf1 Rxh2 33. fxg4 hxg4 34. Rc8+ Ne8 35. Rbb8 Rhe2 36. Bxe2 Rxe2 37. Kf1 Re7 38. Kf2 Kf7 39. Rxe8 Rxe8 40. Rxe8 Kxe8 41. Ke3 Ke7 42. Kd4 Kd6 43. b5 Ke6 {Sealed Move.} 44. a4 1-0

[Event "CSCC"]
[Site "?"]
[Date "1991.??.??"]
[Round "?"]
[White "Foulds, Andy"]
[Black "Brameld, Arthur F"]
[Result "1/2-1/2"]
[WhiteElo "2865"]
[BlackElo "2185"]
[PlyCount "34"]
[EventDate "1991.??.??"]
[EventType "simul"]
[EventRounds "8"]

1. d4 Nf6 2. c4 e6 3. Nc3 Bb4 4. Nf3 b6 5. g3 Bb7 6. Bg2 c5 7. d5 exd5 8. Nh4 Ne4 9. Bxe4 dxe4 10. Qd6 Qf6 11. Qxf6 gxf6 12. Nf5 Bxc3+ 13. bxc3 Bc6 {13....Rg8!?} 14. Nd6+ Ke7 15. Nf5+ Ke6 16. Ng7+ Ke7 17. Nf5+ Ke6 1/2-1/2

[Event "CSCC"]
[Site "?"]
[Date "1991.??.??"]
[Round "?"]
[White "Brameld, Arthur F"]
[Black "Stables, Gordon"]
[Result "0-1"]
[WhiteElo "2185"]
[BlackElo "1935"]
[PlyCount "84"]
[EventDate "1991.??.??"]
[EventType "simul"]
[EventRounds "8"]

1. e4 c5 2. Nf3 d6 3. d4 cxd4 4. Qxd4 Nf6 5. Nc3 Nc6 6. Bb5 Bd7 7. Bxc6 Bxc6 8. Bg5 e6 9. O-O-O Be7 10. Rhe1 O-O 11. e5 dxe5 12. Qh4 Qc7 13. Nxe5 Nd5 $2 14. Bxe7 Nxe7 15. Nxc6 $2 (15. Rd7 $1 Bxd7 16. Qxe7 Qd8 (16... Rad8 17. Re3 f6 (17... Qc8 18. Ne4 Ba4 19. Nf6+ Kh8 20. Rc3 Bc6 21. Rh3 $18) 18. Rg3 $18) 17. Qxd7 Qg5+ 18. Qd2 Qxg2 19. f4 Qxd2+ 20. Kxd2 Rfd8+ 21. Nd3 Rac8 22. Ne4 f6 23. a4 Rd5 24. Re3 b6 25. Nc3 Rh5 26. h3 Kf7 27. Nb5 Rd5 28. Nxa7 Rc4 29. b3 Rxf4 30. c4 Rd8 31. Nc8 $1 e5 32. Nxb6 e4 33. Nd5 Rxd5 34. cxd5 exd3 35. Kxd3 f5 36. d6 Rb4 37. Kc3 Rb6 38. Rd3 Ke8 39. Rd5 $1 g6 40. a5 Rc6+ 41. Kb4 Kd7 42. Kb5 Rxd6 43. Rc5 Rd3 44. b4 f4 45. a6 f3 46. a7 Ra3 47. Kb6 $18) 15... Nxc6 16. Rd3 Ne7 17. Rh3 h6 18. Qg4 Ng6 19. g3 $6 Rac8 20. Rh5 Rfd8 21. Qe4 Rd7 22. f4 Rcd8 23. Rd1 $2 {23.Rb5!?} Rxd1+ 24. Nxd1 Qd7 25. Qe2 f5 26. Nc3 e5 27. fxe5 Nxe5 28. b3 Ng4 29. h3 g6 30. Rh4 g5 31. Rh5 Nf6 32. Rxh6 Kg7 33. Qe5 Qd4 34. Qxd4 Rxd4 35. Rxf6 Kxf6 36. Ne2 Re4 37. Kd2 f4 38. gxf4 gxf4 39. Nc3 Re5 40. Nd1 Kf5 41. Nf2 f3 42. Kd3 Kf4 0-1

[Event "Ports Lge"]
[Site "?"]
[Date "1991.??.??"]
[Round "?"]
[White "Brameld, Arthur F"]
[Black "Puchades, Richard"]
[Result "1/2-1/2"]
[WhiteElo "2185"]
[BlackElo "2040"]
[PlyCount "33"]
[EventDate "1991.??.??"]
[EventType "simul"]
[EventRounds "8"]

1. e4 e6 2. d4 d5 3. Nd2 c5 4. exd5 Qxd5 5. Ngf3 cxd4 6. Bc4 Qd6 7. O-O Nf6 8. Nb3 Nc6 9. Nbxd4 Nxd4 10. Qxd4 Qxd4 11. Nxd4 a6 12. a4 Bc5 13. c3 O-O 14. Bf4 Bxd4 15. cxd4 Bd7 16. Be5 Nd5 17. Bxd5 1/2-1/2

[Event "Ports Lge"]
[Site "?"]
[Date "1991.??.??"]
[Round "?"]
[White "Wheeler, John F"]
[Black "Brameld, Arthur F"]
[Result "1-0"]
[WhiteElo "2120"]
[BlackElo "2185"]
[PlyCount "69"]
[EventDate "1991.??.??"]
[EventType "simul"]
[EventRounds "8"]

1. d4 Nf6 2. c4 g6 3. Nc3 Bg7 4. e4 d6 5. Be2 O-O 6. Bg5 c6 7. Qd2 e5 8. d5 Qa5 9. dxc6 Nxc6 10. Nf3 Nd4 11. O-O Nxe2+ 12. Qxe2 Be6 13. Rac1 h6 14. Bd2 Qc5 $6 15. b3 Rfc8 $6 16. Rfd1 Qc6 17. Ne1 a6 18. f3 Nd7 19. Be3 Bf8 20. Nd3 b6 21. Nb4 Qb7 22. Nbd5 Bxd5 23. Nxd5 a5 24. Qf2 a4 25. b4 a3 26. Bxb6 Ra6 27. Be3 Ra4 28. Qc2 Qa6 29. Rd3 Qa8 30. Rb3 Kh7 31. Qd3 {Sealed move.} Ra6 32. Rcc3 Qb7 33. Rxa3 Rxa3 34. Rxa3 Qc6 35. Ra7 1-0

[Event "NATO, Cranwell"]
[Site "?"]
[Date "1991.??.??"]
[Round "?"]
[White "Brameld, Arthur F"]
[Black "Indbryn, Tommy"]
[Result "1/2-1/2"]
[WhiteElo "2120"]
[BlackElo "1790"]
[PlyCount "82"]
[EventDate "1991.??.??"]
[EventType "swiss"]

1. e4 e5 2. f4 exf4 3. Nf3 d6 4. d4 g5 5. h4 g4 6. Ng1 Qf6 7. Nc3 c6 8. Qe2 $6 (8. Nge2 Bh6 9. g3 f3 10. Nf4 Ne7 11. Kf2 Bxf4 12. Bxf4 Ng6 13. Bg5 Qg7 14. e5 dxe5 15. dxe5 O-O 16. Ne4) 8... Bg7 9. e5 dxe5 10. dxe5 Qxe5 11. Bxf4 Qxe2+ 12. Ngxe2 Nf6 13. O-O-O O-O 14. Bd6 $1 Re8 15. Nd4 $1 Rd8 16. Bc7 Rd7 17. Be5 Nd5 18. Bxg7 Nxc3 19. bxc3 Kxg7 20. Bd3 { 20.Bc4} Na6 21. Rhe1 Nc7 22. Re4 Rd6 23. Re7 Rd7 24. Re4 Rd6 25. Re7 Nd5 26. Re8 Nb6 27. Rxc8 $6 Nxc8 28. Nf5+ Kf6 29. Nxd6 Nxd6 30. Bxh7 Nb5 31. c4 Nc3 32. Rf1+ Kg7 33. Bf5 Rh8 34. Kd2 Nxa2 35. g3 Rd8+ 36. Bd3 Nb4 37. Rf4 Nxd3 38. cxd3 b5 39. Rxg4+ Kf6 40. Rf4+ Ke6 41. Re4+ Kf6 1/2-1/2

[Event "NATO, Cranwell"]
[Site "?"]
[Date "1991.??.??"]
[Round "?"]
[White "Langreck, J."]
[Black "Brameld, Arthur F"]
[Result "1/2-1/2"]
[WhiteElo "2035"]
[BlackElo "2120"]
[PlyCount "61"]
[EventDate "1991.??.??"]
[EventType "swiss"]

1. e4 Nf6 2. e5 Ng8 3. d4 d5 {3....d6 - Andrew Martin} 4. c3 c5 5. f4 cxd4 6. cxd4 Nc6 7. Be3 Bf5 8. Nc3 e6 9. Bd3 Nh6 10. Nf3 Bxd3 11. Qxd3 Nf5 12. Bf2 h5 13. g3 g6 14. O-O Be7 15. Kg2 Kf8 16. a3 a6 (16... Na5 $142) 17. b4 b5 18. Nd2 Na7 19. Nb3 Nc8 20. a4 Bxb4 21. axb5 a5 $1 22. Na4 Nb6 23. Nxb6 Qxb6 24. Be1 Rb8 25. Bxb4+ axb4 26. Rfc1 Kg7 $6 (26... Qxb5 $142 27. Qxb5 Rxb5 28. Rc7 Kg7 29. Raa7 Rf8 30. Nc5 Kg8) 27. Rc5 Rhc8 28. Ra6 Qd8 29. b6 Rxc5 30. dxc5 d4 31. Qe4 $16 1/2-1/2

[Event "NATO, Cranwell"]
[Site "?"]
[Date "1991.??.??"]
[Round "?"]
[White "Brameld, Arthur F"]
[Black "Suprani, A."]
[Result "1-0"]
[WhiteElo "2120"]
[BlackElo "1910"]
[PlyCount "43"]
[EventDate "1991.??.??"]
[EventType "swiss"]

1. e4 c5 2. Nf3 Nc6 3. b4 cxb4 4. d4 d5 5. exd5 Qxd5 6. c4 bxc3 7. Nxc3 Qa5 8. d5 Nf6 $6 { 8....e6} 9. dxc6 Qxc3+ 10. Bd2 Qxc6 11. Rc1 Qe4+ 12. Be2 e5 $6 13. O-O Be7 14. Rc7 $1 Bd7 15. Bc4 $1 O-O 16. Re1 Qg4 17. h3 Qh5 18. Rxe5 Qg6 19. Rxe7 {or 19.Nh4} Bxh3 20. Ng5 Bg4 21. Qe1 Ne8 22. Nxf7 1-0

[Event "NATO, Cranwell"]
[Site "?"]
[Date "1991.??.??"]
[Round "?"]
[White "Ludden, G Jan"]
[Black "Brameld, Arthur F"]
[Result "0-1"]
[WhiteElo "2160"]
[BlackElo "2120"]
[PlyCount "72"]
[EventDate "1991.??.??"]
[EventType "swiss"]

1. d4 Nf6 2. c4 e6 3. Nc3 c5 4. d5 exd5 5. cxd5 d6 6. e4 g6 7. f4 Bg7 8. Nf3 O-O 9. Be2 Re8 10. e5 dxe5 11. fxe5 Ng4 12. O-O Nxe5 13. Bf4 a6 14. Qd2 Bf5 $6 15. Nxe5 Bxe5 16. Bxe5 { 16.g4 } Rxe5 17. Qf4 Nd7 18. g4 g5 $1 19. Qf3 Bg6 20. d6 Qe8 21. Bc4 b5 22. Bd5 Ra7 23. Bc6 Re3 24. Qg2 Qe5 25. Rad1 Kg7 26. Rd5 Qe6 27. Rxg5 {White offered draw} Rxc3 $1 {declined!} 28. Rxg6+ hxg6 29. bxc3 Qxd6 30. g5 Ne5 31. Be4 Rd7 32. h4 Qd2 33. Qg3 Nc4 34. h5 gxh5 35. g6 f6 36. Qh4 Qxc3 $1 0-1

[Event "NATO, Cranwell"]
[Site "?"]
[Date "1991.??.??"]
[Round "?"]
[White "Brameld, Arthur F"]
[Black "Lucke, N."]
[Result "0-1"]
[WhiteElo "2120"]
[BlackElo "2390"]
[PlyCount "81"]
[EventDate "1991.??.??"]
[EventType "swiss"]

1. e4 c5 2. Nf3 Nc6 3. d4 cxd4 4. Nxd4 Qb6 5. Nb3 Nf6 6. Nc3 e6 7. Be3 Qc7 8. Bd3 a6 9. O-O d6 10. f4 Be7 11. Qf3 O-O 12. Kh1 $6 b5 13. a3 Bb7 14. Rae1 { 14.Rad1} b4 15. axb4 Nxb4 16. f5 e5 17. Bg5 Rac8 18. Re3 Nxd3 19. Rxd3 d5 20. Bxf6 dxe4 21. Nxe4 Bxe4 22. Qxe4 Bxf6 23. Rc3 Qd6 24. Rxc8 Rxc8 25. Qd3 Qc6 26. c3 Qb6 27. Nd2 Qxb2 28. Rb1 Qa2 29. Ne4 Be7 30. Rd1 h6 31. Qf3 Qc2 32. h3 (32. f6 Bxf6 33. Nxf6+ gxf6 34. Qg4+ Kh7 35. Rd7 Qc1+ 36. Rd1 Qxc3 37. Qf5+ Kg7 38. Qg4+ Kh8 39. Qh5 Qe3 40. Qxf7 Qf4 41. Qb7 Qc4 42. Qe7) 32... Rc4 33. f6 Bxf6 34. Nxf6+ gxf6 35. Rd8+ Kg7 36. Qa8 Qc1+ 37. Kh2 Qf4+ 38. Kg1 Rxc3 39. Rg8+ Kh7 40. Rh8+ Kg6 41. Qg8+ {Sealed move} 0-1

[Event "NATO, Cranwell"]
[Site "?"]
[Date "1991.??.??"]
[Round "?"]
[White "Schmidt Schaffer, S."]
[Black "Brameld, Arthur F"]
[Result "1/2-1/2"]
[WhiteElo "2270"]
[BlackElo "2120"]
[PlyCount "92"]
[EventDate "1991.??.??"]
[EventType "swiss"]

1. e4 Nf6 2. d3 e5 3. Nf3 Nc6 4. Be2 d5 5. Nbd2 Bc5 6. O-O O-O 7. c3 Bb6 8. b4 a6 9. Bb2 Qe7 $6 10. exd5 Nxd5 11. Re1 Nf4 12. Bf1 Bg4 13. h3 Bh5 14. g3 Nd5 15. g4 Bg6 16. Nc4 f6 17. Nxb6 Nxb6 18. d4 Rad8 19. a3 Qf7 20. Nh4 Nc4 21. Bxc4 Qxc4 22. Nxg6 hxg6 23. Rc1 Rf7 24. Re2 Rfd7 25. Rd2 exd4 26. cxd4 Qd5 27. Rc5 Qe4 28. Re2 Qf4 29. Qb3+ Kh7 30. Qc2 Rd5 31. Kg2 Nxd4 32. Bxd4 Qxd4 33. Rxc7 R5d7 34. Rc4 Qd5+ 35. f3 b5 36. Rc3 Rd6 37. h4 Kh6 38. Qc1+ Kh7 39. h5 gxh5 40. Rc5 Qd3 41. Rxh5+ {Sealed move} Kg6 42. Qe1 (42. Re7 R8d7 43. Re4 Qxe4 $3 44. fxe4 Rd2+ 45. Kf1 (45. Kf3 R7d3+ 46. Kf4 Rf2#) 45... Rd1+ 46. Qxd1 Rxd1+ 47. Ke2 Ra1 {etc}) 42... Qxe2+ $2 {only draws !??} (42... Qxa3 $142 43. f4 R8d7 $17) 43. Qxe2 Rd2 44. Kf1 Rd1+ 45. Kf2 R8d2 46. a4 bxa4 1/2-1/2

[Event "NATO, Cranwell"]
[Site "?"]
[Date "1991.??.??"]
[Round "?"]
[White "Brameld, Arthur F"]
[Black "Kampmann, H."]
[Result "1/2-1/2"]
[WhiteElo "2120"]
[BlackElo "2070"]
[PlyCount "38"]
[EventDate "1991.??.??"]
[EventType "swiss"]

1. e4 Nf6 2. e5 Nd5 3. d4 d6 4. Nf3 Bg4 5. h3 Bxf3 6. Qxf3 dxe5 7. dxe5 e6 8. a3 Nd7 9. Qg3 Ne7 10. Bd3 $6 Nc5 11. O-O Nxd3 12. Rd1 Nf5 13. Qxd3 Qxd3 14. Rxd3 Rd8 15. Rxd8+ Kxd8 16. c3 Bc5 17. b4 Bb6 18. Ra2 $1 Kc8 19. Rd2 Rd8 1/2-1/2

[Event "RNCC"]
[Site "?"]
[Date "1991.??.??"]
[Round "?"]
[White "Brameld, Arthur F"]
[Black "Smith, R."]
[Result "1-0"]
[WhiteElo "2135"]
[BlackElo "2825"]
[PlyCount "53"]
[EventDate "1991.??.??"]
[EventType "simul"]
[EventRounds "6"]

1. e4 e5 2. f4 exf4 3. Nf3 Nc6 4. d4 g5 5. Bc4 Bg7 6. O-O b6 7. c3 Bb7 8. g3 Qe7 9. gxf4 gxf4 10. Bxf4 O-O-O 11. Qe2 Nf6 12. Nbd2 Rde8 13. Ng5 d5 14. Ba6 h6 15. e5 hxg5 16. Bxg5 Rhg8 17. Kh1 Qe6 18. Bxf6 Bh6 19. Nb3 Rg6 20. Bd3 Qg4 21. Bf5+ Qxf5 22. Rxf5 Reg8 23. Rff1 Bf4 24. Rxf4 Kb8 25. Rff1 Na5 26. Nxa5 bxa5 27. Rg1 1-0

[Event "RNCC"]
[Site "?"]
[Date "1991.??.??"]
[Round "?"]
[White "Craggs, A."]
[Black "Brameld, Arthur F"]
[Result "1/2-1/2"]
[WhiteElo "1680"]
[BlackElo "2135"]
[PlyCount "82"]
[EventDate "1991.??.??"]
[EventType "simul"]
[EventRounds "6"]

1. e4 Nf6 2. e5 Nd5 3. d4 d6 4. Nf3 Bg4 5. Be2 e6 6. c4 Nb6 7. exd6 cxd6 8. O-O Be7 9. Nc3 O-O 10. h3 Bh5 11. Be3 d5 12. c5 Bxf3 13. Bxf3 Nc4 14. Bf4 b6 15. b3 Na5 16. cxb6 Qxb6 17. Rc1 Nbc6 18. Be3 Rac8 19. Ne2 Ba3 20. Rc2 Nb4 21. Rd2 Nb7 22. Nf4 Rc1 23. Qe2 Rfc8 24. Rxc1 Rxc1+ 25. Rd1 Rc2 26. Rd2 Rc1+ 27. Rd1 Rc2 28. Rd2 Rc3 29. Nd3 Nd6 30. Nxb4 Bxb4 31. Rc2 Nb5 32. Rxc3 Bxc3 33. Qc2 Qc7 34. a4 Bb4 35. Qxc7 Nxc7 36. Kf1 Kf8 37. Bf4 Ne8 38. Ke2 Ke7 39. Kd3 f6 40. Bd2 Bxd2 41. Kxd2 Kd6 1/2-1/2

[Event "RNCC"]
[Site "?"]
[Date "1991.??.??"]
[Round "?"]
[White "Brameld, Arthur F"]
[Black "Brokenshire, Laurie P"]
[Result "1-0"]
[WhiteElo "2135"]
[BlackElo "1815"]
[PlyCount "61"]
[EventDate "1991.??.??"]
[EventType "simul"]
[EventRounds "6"]

1. e4 d5 2. exd5 Qxd5 3. Nc3 Qa5 4. d4 Nf6 5. Nf3 Bg4 6. h3 Bh5 7. g4 Bg6 8. Ne5 Nbd7 $2 9. Nc4 Qa6 10. Bf4 Qe6+ 11. Ne3 Nb6 12. d5 Qc8 13. Nb5 Kd8 14. Nxc7 a6 15. Qd4 Nbd7 16. Nxa8 Qxa8 17. Qc4 b5 18. Qc7+ Ke8 19. Qc6 Qxc6 20. dxc6 Nb6 21. Bg2 e6 22. O-O-O Bc5 23. Rhe1 Be4 24. Bxe4 Nxe4 25. Bc7 Ke7 26. Bxb6 Bxb6 27. f3 Bxe3+ 28. Rxe3 Nf2 29. Rd7+ Kf6 30. c7 Rc8 31. Rc3 1-0

[Event "RNCC"]
[Site "?"]
[Date "1991.??.??"]
[Round "?"]
[White "Brameld, Arthur F"]
[Black "Kemp, Paul M"]
[Result "1/2-1/2"]
[WhiteElo "2135"]
[BlackElo "1800"]
[PlyCount "99"]
[EventDate "1991.??.??"]
[EventType "simul"]
[EventRounds "6"]

1. e4 c5 2. Nf3 g6 3. d4 cxd4 4. Nxd4 Bg7 5. c4 Nc6 6. Be3 Nf6 7. Nc3 O-O 8. Be2 d6 9. O-O Nxd4 10. Bxd4 Nd7 11. Bxg7 Kxg7 12. Qd4+ Kg8 13. Rad1 a5 14. f4 b6 15. Rd3 Nc5 16. Rg3 e5 17. fxe5 dxe5 18. Qxe5 Re8 19. Qf4 Be6 20. e5 Ra7 21. Nb5 Rd7 22. Nd6 Rf8 23. Rd1 Qc7 24. Bg4 Nb7 25. Bxe6 fxe6 26. Qg4 Qc5+ 27. Qd4 Qc6 28. Rgd3 Rfd8 29. Qf4 Qc5+ 30. Qe3 Qxe3+ 31. Rxe3 a4 32. Kf2 $2 Rc7 $2 33. Ke2 Nxd6 34. exd6 $6 Rxc4 35. Rxe6 Rd7 36. Rd2 Kf7 37. Re3 Rc6 38. Red3 Ke6 39. Re3+ Kf7 40. Re4 b5 41. Re5 Rb6 42. Ke3 b4 43. Re4 a3 44. b3 Rb5 45. Rdd4 Rc5 46. Rxb4 Rxd6 47. Rb7+ Kf6 48. Rf4+ Ke6 49. Re4+ Kf6 50. Rf4+ {Insufficient time left to try to win} 1/2-1/2